01425nam a2200301Ia 4500001001200000003000800012006001900020007001500039008004100054020001500095040002100110035002000131050003000151100001900181245015000200246012800350260004300478300001900521533015200540630003800692650005200730650008200782650007000864655002900934710001700963856012600980999001701106ebr10050488CaPaEBRm u cr cn|||||||||040405s2004 maua gs 000 0 eng d z1931836175 aCaPaEBRcCaPaEBR a(OCoLC)7075717214aHF5548.4.M527bB37 2004eb1 aBarber, Brian.10aMCSE designing a Windows Server 2003 active directory and network infrastructure exam 70-297h[electronic resource] /cBrian Barber ... [et al.].3 aMicrosoft Certified System Engineer designing a Windows Server 2003 active directory and network infrastructure exam 70-297 aRockland, MA :bSyngress Pub.,cc2004. a689 p. :bill. aElectronic reproduction.bPalo Alto, Calif. :cebrary,d2009.nAvailable via World Wide Web.nAccess may be limited to ebrary affiliated libraries.00aMicrosoft Windows (Computer file) 0aMicrosoft softwarexExaminationsvStudy guides. 0aDirectory services (Computer network technology)xExaminationsvStudy guides. 0aElectronic data processing personnelxExaminationsvStudy guides. 7aElectronic books.2local2 aebrary, Inc.40uhttp://site.ebrary.com/lib/rucke/Doc?id=10050488zAn electronic book accessible through the World Wide Web; click to view c76557d76557